000 00490nam a2200181Ia 4500
999 _c80140
_d80140
001 69636
005 20220201123011.0
008 151205s9999||||xx |||||||||||||| ||und||
020 _aNA
040 _cPK-LaUMT
082 _a348.5491
_bPAK-
100 _aZafar, M. A.
245 _aPakistan supreme court cases (crl) [P.S.C. (CRL.), 1998]
_cZafar, M. A.
260 _aLahore,Pakistan:
_bPakistan Study Center Punjab University,
_c1998
300 _a1144 p.
546 _aEN
942 _cLPJ